000 00668nam a2200205 u 4500
005 20220920063628.0
008 110913s2006 es r 000 0 spa d
020 _a8426361250
035 _aUPN01000181812
049 _aI
050 4 _aPZ31.1
_bN3.8
100 1 _aNahrgang, Frauke,
_d1951-
_931810
245 1 1 _a¡Vamos por la copa! /
_cFrauke Nahrgang ; il. Betina Gotzen-Beek ; tr. Cristina Rodríguez Aguilar.
260 _aZaragoza Esp. :
_bEdelvives,
_c2006.
300 _a137 p. :
_bil.
440 0 _aLocos por el fútbol ;
_v3
650 0 _aLiteratura infantil alemana
_99171
650 4 _aFUTBOL (SOCCER) -
_vLITERATURA INFANTIL
_912082
905 _aInfantil
999 _c153915
_d153915